000 00626nam a22002177a 4500
003 UA-OsUOA
001 87596
007 ta
008 20120920b un ||||| |||| 00| 0 ukr d
090 _a94 (73)
_bИ 90
942 _cBK
040 _aUA-OsUOA
_brus
_cUA-OsUOA
_dUA-OsUOA
245 _aИстория рабочего движения в США в Новейшее время
_cМихайлов Б.Я
_nТ. 1
300 _a600 с.
955 _a4
041 _arus
080 _a94 (73)
260 _aМ.
_bНаука
_c1970
650 7 _a9 Географія. Біографії. Історія
_2UDC
999 _c373764
_d373764